000 01423nam a2200325 i 4500
001 196586
003 ES-MaACL
005 20250625063213.0
007 ta
008 241007b1981 sp ||||| |||| 00| 0 spa d
017 _aM Sep. 3875/1958
040 _bspa
_cES-MaACL
_dES-MaACL
100 1 _aGarciasol, Ramón de,
_d1913-1994
_eaut
_9236221
245 _aA Juan Ramón Jiménez, muerto fuera de España /
_cRamón de Garciasol
260 _a[Madrid :
_bs.n.],
_c1981.
_e(Imp. FARESO)
300 _a12 p. ;
_c24 cm
336 _2rdacontent
_atexto
337 _2rdamedia
_asin mediación
338 _2rdacarrier
_avolumen
500 _aTirada aparte de la revista "Cuadernos hispanoamericanos" n.º 376-378
600 1 4 _966417
_aJiménez, Juan Ramón,
_d1881-1958
655 7 _2tgfbne
_9226850
_aHomenajes
655 7 _2tgfbne
_9176539
_aPoesías
852 _aES-MaACL
_cDEPOF
_jFOLL-BUE-44
_gDedicatoria manuscrita del autor, Ramón de Garciasol, para Antonio Buero Vallejo y su mujer Victoria en cubierta reverso: "Para Victorita y Toni, por los que tanto merece la pena vivir. Con el abrazo de su fraternal [Firma y rúbrica]"
_hLegado: Antonio Buero Vallejo
_9204305
903 _932421
_aBuero Vallejo, Antonio,
_q1
_d1916-2000
_ednr
942 _n0
_cFOLLETOS
999 _c196586
_d196586